| 000 | 01350cam a22002898a 4500 | ||
|---|---|---|---|
| 005 | 20260322212027.0 | ||
| 008 | data | ||
| 010 | _a 2007051075 | ||
| 020 | _a9781592854868 (softcover) | ||
| 020 | _a1592854869 | ||
| 040 |
_aDLC _cDLC |
||
| 050 | 0 | 0 |
_aHV4998 _b.B47 2008 |
| 082 | 0 | 0 |
_a616.86/03 _222 |
| 092 | _a616.86 B47 2008 | ||
| 100 | 1 |
_aBerger, Allen, _d1952- |
|
| 245 | 1 | 0 |
_a12 stupid things that mess up recovery : _bavoiding relapse through self-awareness and right action / _cAllen Berger. |
| 246 | 3 | _aTwelve stupid things that mess up recovery | |
| 260 |
_aCenter City, Minn. : _bHazelden, _c2008. |
||
| 263 | _a0803 | ||
| 300 | _a119 p. | ||
| 504 | _aIncludes bibliographical references. | ||
| 505 | 0 | _aBelieving addiction to one substance is the only problem -- Believing sobriety will fix everything -- Pursuing recovery with less energy than pursuing addiction -- Being selectively honest -- Feeling special and unique -- Not making amends -- Using the program to try to become perfect -- Confusing self-concern with selfishness -- Playing futile self-improvement games -- Not getting help for relationship troubles -- Believing that life should be easy -- Using the program to handle everything. | |
| 650 | 0 |
_aAddicts _xRehabilitation. |
|
| 650 | 0 | _aSelf-help techniques. | |
| 650 | 0 |
_aSubstance abuse _xTreatment. |
|
| 001 | data | ||
| 999 |
_c608 _d608 |
||